Lala Lajpat Rai/ (Record no. 173272)

MARC details
000 -LEADER
fixed length control field 00589nam a22002057a 4500
005 - DATE AND TIME OF LATEST TRANSACTION
control field 20200221114138.0
010 ## - LCCN (DPL NO)
LC control number ENG-127932
020 ## - INTERNATIONAL STANDARD BOOK NUMBER
International Standard Book Number 9788194452805
Terms of availability 895.00
035 ## - SYSTEM CONTROL NUMBER
System control number EN-111464
037 ## - SOURCE OF ACQUISITION
Source of stock number/acquisition DBAD/PUB
082 ## - DEWEY DECIMAL CLASSIFICATION NUMBER
Classification number 921
100 ## - MAIN ENTRY--PERSONAL NAME
Personal name Rana, Jitendra
245 ## - TITLE STATEMENT
Title Lala Lajpat Rai/
Statement of responsibility, etc by Jitendra Rana
250 ## - EDITION STATEMENT
Edition statement 2019
260 ## - PUBLICATION, DISTRIBUTION, ETC. (IMPRINT)
Place of publication, distribution, etc New Delhi
Name of publisher, distributor, etc SKY Books International
Date of publication, distribution, etc 2019
270 ## - ADDRESS
Address 1/1079E,Mehrauli
City New Delhi
Postal code 110030
300 ## - PHYSICAL DESCRIPTION
Extent vii;196p.
Dimensions 22cm(hb)
500 ## - GENERAL NOTE
General note includes bibliographical references and index<br/>
942 ## - ADDED ENTRY ELEMENTS (KOHA)
Source of classification or shelving scheme Dewey Decimal Classification
Item type English Books
Classification part 921
Call number suffix RAN
Holdings
Withdrawn status Lost status Not for loan Collection code Home library Current library Date acquired Source of acquisition Cost, normal purchase price Full call number Barcode Copy number Cost, replacement price Koha item type
      Non-fiction Central Library Central Library 21/02/2020 DBAD/PUB 895.00 921 RAN EN-111464 1 895.00 English Books

© Delhi Public Library
Hit Counter
free hit counter